000
00241 a2200085 4500
020
_a
9781138798120
100
_a
Sanjeev Vidyarthi
245
_a
One Idea Many Plans: An American City Design Concept in Independent India
260
_b
Routledge
_c
2015
999
_c
13191
_d
13191